| 000 | 00480nam a2200229Ia 4500 | ||
|---|---|---|---|
| 001 | 067828 | ||
| 003 | YMCAF | ||
| 005 | 20230512160454.0 | ||
| 008 | 100717s1977 ||||||||||||||||| ||und|d | ||
| 020 | _a- | ||
| 024 | _a67828 | ||
| 035 | _a7291 | ||
| 040 |
_aYMCAF _beng _cIN-KoLT |
||
| 041 | _aeng | ||
| 100 | _aTTP, LAHORE | ||
| 245 | 0 | _aHOW TO ASSES IN PRACTICAL TRAINING METAL TRADES | |
| 250 | _a- | ||
| 260 | _c1977 | ||
| 653 | _a- | ||
| 653 | _a- | ||
| 942 |
_2ddc _cBK |
||
| 999 |
_c4737 _d4737 |
||